| 000 | 01462cam a2200253 4500 | ||
|---|---|---|---|
| 001 | WB4007-03 | ||
| 008 | 040217n2004 000 0 eng u | ||
| 035 | _a(Sirsi) u125164 | ||
| 245 | _aFrance: economic and commercial update | ||
| 260 | _c2004 | ||
| 490 |
_aRICS European Alert _vFebruary 2004, 6(1) |
||
| 520 | _aOverview of economic and commercial situation in France. There has been some improvement in the economy in the second half of 2003. The prospects for the commercial property market are reliant on employment and business investment performance. Rental values in the main office markets have fallen due to above average levels of new office construction. The retail rental values have remained largely static with new retail construction picking up in the third quarter of 2003. Meanwhile the industrial property market has shown sustained activity but construction has continued to decline. Economic prospects remain dependent on the current world and US recovery. View European Alert at http://www.rics.org/ricscms/bin/show?class=Brief&t emplate=/includes/showbrief.html&id=571. | ||
| 590 | _aWB | ||
| 590 | _aWB | ||
| 650 | _aFRANCE | ||
| 650 | _aECONOMIC ISSUES | ||
| 650 | _aRENTAL VALUES | ||
| 650 | _aOFFICE MARKET | ||
| 650 | _aPROPERTY-COMMERCIAL PROPERTY-RETAIL PROPERTY-RETAIL PROPERTY MARKET | ||
| 650 | _aINDUSTRIAL MARKET | ||
| 650 | _aCONSTRUCTION INDUSTRY | ||
| 690 | _aCOMMERCIAL PROPERTY-MARKET | ||
| 942 | _n0 | ||
| 999 |
_c117025 _d117025 |
||